Представление документа в формате RUSMARC

ПолеНазваниеЗначение
  Тип записи a
  Библиографический уровень a
001 Контрольный номер UONB/MAIN/92f5fbd62d3f4bc4b735f46eae44ac88
005 Дата корректировки 20260512143912.2
100 Данные общей обработки __
a Данные общей обработки 20260512 ||| 0rusy0189 ca
101 Язык документа 0_
a Язык текста rus
102 Страна публикации __
a Страна публикации RU
200 Заглавие и сведения об ответственности 1_
a Заглавие Готовность к посевной кампании
f Первые сведения об ответственности А. Г. Богданов, С. Одаева
200 Заглавие и сведения об ответственности 1_
g Последующие сведения об ответственности беседовала С. Одаева
203 Вид содержания и тип средства __
a Вид содержания Текст
b Характеристика содержания визуальный
c Тип средства непосредственный
215 Физическое описание __
c Иллюстрации/тип воспроизводства ил., портр.
330 Аннотация __
a Аннотация Альберт Геннадьевич Богданов - директор ООО "Восток" в Новомалыклинском районе.
461 Уровень набора _0
1 2000
a Звезда
463 Уровень физической единицы _0
1 2000
a № 13 (10545) (27 марта)
v С. 4
1 2101
d 2026
1 001UONB/MAIN/04e8a1531a0c477497866f6d966ce120
600 Персоналии _1
a Персоналии (Фамилия) Богданов
b Персоналии (Имя, инициалы) А. Г.
g Полное имя Альберт Геннадьевич
607 Географические рубрики __
a Географическое наименование Новомалыклинский район (Ульяновская область)
610 Ключевые слова 0_
a Ключевые слова посевные кампании; аграрии; сельскохозяйственные предприятия
686 Индексы других классификаций __
2 Код системы rubbk
a Классификационный индекс 41.4
700 Автор _1
a Фамилия Богданов
b Имя (инициалы) А. Г.
g Полное личное имя Альберт Геннадьевич
700 Автор _1
4 Код отношения 460
701 Альтернативная интеллектуальная ответственность _1
a Фамилия Одаева
b Имя (инициалы) С.
g Полное личное имя Светлана
701 Альтернативная интеллектуальная ответственность _1
4 Код отношения 470
801 Источник записи _0
a Страна RU
b Организация Ульяновская ОНБ
c Дата составления 20260512
g Правила каталогизации RCR
801 Источник записи _1
a Страна RU
b Организация Ульяновская ОНБ
c Дата составления 20260512
g Правила каталогизации RCR
901 Тип документа __
t Тип документа f
w Контрольный № источника UONB/MAIN/04e8a1531a0c477497866f6d966ce120
909 Создатель записи __
a Создатель записи Логинова
b Дата создания записи 20260512